000 00610npm a2200157 4500
003 OSt
005 20260129173742.0
008 260129b |||||||| |||| 00| 0 fre d
040 _cautismepaimpol.fr
100 _q Fanny Salvi et Damien Raymond
245 _aThéo grimace
246 _aS'adresse à des enfants avec un retard de langage ou une dyslalie (et généralement à tous ceux qui ont du mal à réaliser des praxies !)
260 _bOrthoédition
520 _aCe jeu permet d'aborder les praxies sous formes ludiques (loto, jeu de l'oie, pouilleux, mémory) et avec un support imagé.
942 _cMATP
999 _c282
_d282